| 000 | 00482nam a2200157Ia 4500 | ||
|---|---|---|---|
| 008 | 130318s9999 xx 000 0 und d | ||
| 020 | _a8178270781 | ||
| 082 | _a338.9 SUB/R | ||
| 100 | _aSubramanian, K K | ||
| 245 | _aRegional industrial growth under economic liberalization: A case study of selected issues with reference to Kerala state | ||
| 260 |
_bManak _aNew Delhi _c2003 |
||
| 300 | _a238 | ||
| 650 | _aECONOMICS | ||
| 650 | _aLIBERALIZATION | ||
| 650 | _aREGIONAL DEVELOPMENT | ||
| 999 |
_c622 _d622 |
||